|
|
|
|
| LEADER |
00000nab a2200000 a 4500 |
| 001 |
vtls000632594 |
| 003 |
SK-MaSNL |
| 005 |
20260304085112.0 |
| 008 |
250425c1997 xo 0 slo |
| 015 |
|
|
|a SNBRB19rr/mm-uuuuu
|
| 035 |
|
|
|a CL0632733
|
| 035 |
|
|
|a (urnnbn)urn:nbn:sk:snk:ar-006rjd
|
| 035 |
|
|
|a (uuid)ef383b77-9097-4632-aa80-2c5a205a46f0
|
| 035 |
|
|
|a urn:nbn:sk:snk-ab8957
|
| 040 |
|
|
|a SNKBUCL
|b slo
|c SNKBUCL
|e AACR2
|
| 041 |
0 |
|
|a slo
|
| 044 |
|
|
|a xo
|c SK
|
| 080 |
|
|
|a 911.52:528.92:629.783:002:681.3
|2 1981
|
| 080 |
|
|
|a 528.92
|2 1981
|
| 080 |
|
|
|a 629.783
|2 1981
|
| 080 |
|
|
|a 002
|2 1981
|
| 080 |
|
|
|a 681.3
|2 1981
|
| 080 |
|
|
|a 912
|2 1981
|
| 100 |
1 |
|
|a Šúri, Marcel
|4 aut
|9 10720
|
| 245 |
1 |
0 |
|a Mapovanie krajinnej pokrývky 1:50 000 v prostredí GIS s využitím satelitných údajov Landsat a SPOT
|c Marcel Šúri
|
| 300 |
|
|
|b Obr. 3, tab. 2, res. angl., slov., lit. 21 zázn.
|
| 650 |
0 |
7 |
|a krajinná pokrývka
|2 snkbucl
|9 79783
|
| 650 |
0 |
7 |
|a mapovanie
|2 snkbucl
|9 20135
|
| 650 |
0 |
7 |
|a geografické informačné systémy
|2 snkbucl
|9 1861
|
| 655 |
|
7 |
|a články z novín a časopisov
|2 snkbucl
|9 267496
|
| 773 |
0 |
|
|t Geodetický a kartografický obzor
|g Roč. 43/85, č. 8-9 (1997), s. 181-186
|x 0016-7096
|
| 850 |
|
|
|a Slovenská národná knižnica
|
| 852 |
|
|
|a Slovenská národná knižnica
|
| 954 |
|
|
|a odborná, vedecká literatúra pôvodná (slovenská)
|2 lita
|
| 958 |
|
|
|a article9
|
| 958 |
|
|
|a NB
|
| 958 |
|
|
|a RK
|
| 958 |
|
|
|a OND
|
| 958 |
|
|
|a EUIPO
|
| 992 |
|
|
|a RBX
|
| 999 |
|
|
|c 2806513
|d 2808443
|